Vista normal
Vista MARC
Entrada Nombre personal
Número de registros utilizados en: 0
001 - NÚMERO DE CONTROL
- campo de control: 334819
003 - IDENTIFICADOR DEL NÚMERO DE CONTROL
- campo de control: CO-MdUADB
005 - FECHA Y HORA DE LA ÚLTIMA TRANSACCIÓN
- campo de control: 20231018123710.0
008 - DATOS DE LONGITUD FIJA
- campo de control de longitud fija: 230418|| aca||aabn | a|a d
024 ## - IDENTIFICADOR DE OTROS ESTÁNDARES
- URI de un objeto del mundo real: http://viaf.org/viaf/60500118
- Fuente: viaf
- Número estándar o código: 60500118
040 ## - FUENTE DE LA CATALOGACIÓN
- Centro catalogador/agencia de origen: CO-MdUADB
- Centro/agencia transcriptor: CO-MdUADB
- Lengua de catalogación: spa
- Normas de descripción: rda
100 ## - ENCABEZAMIENTO-NOMBRE DE PERSONA
- Nombre de persona: Dueñas Ruíz, Oscar José
- Fechas asociadas al nombre: 1940-

